électronique Documents et exercises

Uloženo v:
Podrobná bibliografie
Hlavní autor: J P Burban
Médium: Kniha
Jazyk:Undetermined
Vydáno: Paris école des Mines de Paris 1998
Témata:
Tagy: Přidat tag
Žádné tagy, Buďte první, kdo otaguje tento záznam!
Thư viện lưu trữ: Trung tâm Học liệu Trường Đại học Cần Thơ
LEADER 00523nam a2200193Ia 4500
001 CTU_43930
008 210402s9999 xx 000 0 und d
082 |a 621.381 
082 |b B946/1998 
100 |a J P Burban 
245 0 |a électronique 
245 0 |b Documents et exercises 
245 0 |c J P Burban 
260 |a Paris 
260 |b école des Mines de Paris 
260 |c 1998 
650 |a electronics 
904 |i Nguyễn Quang Điền, 010911 
980 |a Trung tâm Học liệu Trường Đại học Cần Thơ